| 000 | 005330000a22001930004500 | ||
|---|---|---|---|
| 001 | 000765 | ||
| 003 | MACL | ||
| 005 | 20150728143329.0 | ||
| 008 | 150728b xxu||||| |||| 00| 0 eng d | ||
| 040 |
_aMACL _cMACL |
||
| 041 | _aEnglish | ||
| 082 | _a332.422/MUK | ||
| 100 |
_aMukherjee, B.N. _92519 |
||
| 245 |
_aThe Indian Gold _bAn Introduction To The Cabinet Of The Gold Coins In The Indian Museum _cB.N. Mukherjee |
||
| 260 |
_aCalcutta _c1990 _bIndian Museum, |
||
| 350 | _a200 | ||
| 650 |
_aEconomics _92879 |
||
| 942 |
_k332 _cBK _2ddc |
||
| 999 |
_c763 _d763 |
||